000 00615nam a2200217 4500
003 OSt
005 20240726025733.0
006 a
008 240726b |||||||| |||| 00| 0 eng d
020 _a9780071221146
040 _aDWCL-Main lib.
_cOC
082 _aCirc. 658.15 R655i 2011
100 _aRobin, J. Ashok
245 _aInternational corporate finance /
260 _a N. Y. :
_bMcGraw-Hill/Irwin,
_cc2011.
300 _axix,
_b440 p. : ill. ;
_c28 cm.
504 _aIncludes index.
650 _a1. Corporations-Finance.
650 _a2. International finance.
942 _2ddc
_n0
_cBK-CIRC
_kCirc.
999 _c2783
_d2783